| 000 | 01385naa a22003377a 4500 | ||
|---|---|---|---|
| 001 | BR8300828 | ||
| 003 | BR-BrBNA | ||
| 005 | 20250721143216.0 | ||
| 007 | ta | ||
| 008 | 250630b bl.|||m| |||| 00| 0 por d | ||
| 040 |
_aBR-BrBNA _bpor _cBiblioteca Nacional de Agricultura |
||
| 041 | _a(Pt) | ||
| 072 |
_aF00; F30 _b0336 _bG514 |
||
| 090 | _aF00 BR8300828 | ||
| 100 | 1 | _aSpehar, C.R. | |
| 100 | 1 | _aUrben Filho, G. | |
| 100 | 1 | _aVilela, L. | |
| 111 | 1 |
_a2. Seminario Nacional de Pesquisa de Soja _cBrasilia, DF (Brazil) _d16 Feb 1981 |
|
| 245 | 1 | _aComportamento de treze cultivares e linhagens de soja em Mato Grosso [Glycine max, Brasil] | |
| 246 | 1 | _aBehavior of thirteen soybean cultivars and lines in Mato Grosso state [Glycine max, Brazil] | |
| 246 | 1 |
_a[Annals of the 2. National Seminar of Soybean Research] _bv. 1 |
|
| 500 | _aAnais do 2. Seminario Nacional de Pesquisa de Soja Londrina, PR (Brasil): 1982. p. 133-139 [8 ref.; Summaries (En, Pt)] (BR8300828-AMS) | ||
| 773 | 0 |
_tAnais do 2. Seminario Nacional de Pesquisa de Soja _b _wF00 BR8300828 _gLondrina, PR (Brasil), 1982. p. 133-139 |
|
| 650 | _aSOJA | ||
| 650 | _aLINHAGEM | ||
| 650 | _aCOMPETICAO DE VARIEDADE | ||
| 650 | _aMATO GROSSO | ||
| 490 |
_aDocumentos - Centro Nacional de Pesquisa de Soja (Brazil) _vno. 1 _xISSN 0101-5494 |
||
| 942 |
_cAMS _2AGRIS |
||
| 909 |
_a202506 _bLúcia _c55 _dLúcia Elande |
||
| 999 |
_c334381 _d334381 |
||